Die Physik und ihre Anwendung in Medizin und Biologie. Band 1, Mechanik, Akustik und Wärme /

Hlavní autor: Beier, Walter
Další autoři: Dörner, Erich
Jazyk: Němčina
Vydáno: Leipzig : Georg Thieme, 1956
Fyzický popis: 16, 368 s.
Knihy
Uloženo v:
LEADER 00782nam a22002292a 4500
001 001432697
003 CZ BrMZK
005 20150126145908.0
007 ta
008 141030s1956 gw er|||||||||||ger d
040 |a BOA001  |b cze 
100 1 |a Beier, Walter  |7 jx20040720134  |4 aut 
245 1 4 |a Die Physik und ihre Anwendung in Medizin und Biologie.  |n Band 1,  |p Mechanik, Akustik und Wärme /  |c Walter Beier, Erich Dörner 
246 3 0 |a Mechanik, Akustik und Wärme 
260 |a Leipzig :  |b Georg Thieme,  |c 1956 
300 |a 16, 368 s. 
504 |a Obsahuje bibliografii 
700 1 |a Dörner, Erich  |7 hka2010577650  |4 aut 
910 |a BOA001  |b 2-0364.585,1 
990 |a BK 
991 |b 201410 
996 7 |b 2619152460  |c 2-0364.585,1  |l MZK  |r Sklad / do 24 hodin  |n 0  |w 001467271  |u 000010  |a 1  |e BOA001  |j MZK50  |s A